00293nam a2200121Ia 4500008004100000041000800041082001500049100001200064245003200076260003900108300001700147365000700164240624s9999 xx 000 0 und d aeng a006.74 BOX aBOX DON aESSENTIAL XML BEYOND MARKUP c2000aNew DelhibPearson Education axviii, : 368 cRS